| 000 | 00968 a2200289 4500 | ||
|---|---|---|---|
| 001 | 200419573 | ||
| 650 | 0 |
_aTurkic peoples _xHistory _921340 |
|
| 999 |
_c200419573 _d41306 |
||
| 003 | TR-AnTOB | ||
| 005 | 20241002165444.0 | ||
| 008 | 161011b tu 000 0 | ||
| 020 | _a5766723938 | ||
| 040 |
_aDLC _beng _cDLC _erda |
||
| 041 | _arus | ||
| 050 |
_aDS26 _b.K77 2010 |
||
| 090 | _aDS26 .K77 2010 | ||
| 100 |
_aQuanghanov, Shahmurat Tokishuly, _d1938- _998995 |
||
| 245 | 0 |
_a"Arii-gun" skvoz veka i prostranstvo : _bsvidetelstva, toponimy / _cShakh-Murat Tokushuly Kuanganov. _6880-01 |
|
| 264 |
_aAstana : _b[publisher not identified], _c2010. _01 _6880-02 |
||
| 300 |
_a2 volumes (420, 432 pages) : _billustrations, maps ; _c21 cm |
||
| 336 |
_atext _2rdacontent |
||
| 337 |
_aunmediated _2rdamedia |
||
| 338 |
_avolume _2rdacarrier |
||
| 500 | _a"15-letiiu nezavisimosti Respubliki Kazakhstan posviashchaetsia." | ||
| 650 |
_aTurkic peoples _xNames _998996 |
||
| 650 | 0 |
_aToponymy _998997 |
|
| 942 | _cBK | ||